MARC details
| 000 -CABECERA |
| campo de control de longitud fija |
01379nam a2200313 a 4500 |
| 003 - IDENTIFICADOR DEL NÚMERO DE CONTROL |
| campo de control |
DO-SdBNP |
| 005 - FECHA Y HORA DE LA ÚLTIMA TRANSACCIÓN |
| campo de control |
20221114084425.0 |
| 007 - CAMPO FIJO DE DESCRIPCIÓN FÍSICA--INFORMACIÓN GENERAL |
| campo de control de longitud fija |
ta |
| 008 - DATOS DE LONGITUD FIJA--INFORMACIÓN GENERAL |
| campo de control de longitud fija |
221111e2021 dr aodcgre||| 001 0 spa d |
| 020 ## - NÚMERO INTERNACIONAL ESTÁNDAR DEL LIBRO |
| Número Internacional Estándar del Libro |
9789945098594 digital |
| 020 ## - NÚMERO INTERNACIONAL ESTÁNDAR DEL LIBRO |
| Número Internacional Estándar del Libro |
9789945098617 impreso |
| 040 ## - FUENTE DE LA CATALOGACIÓN |
| Centro catalogador/agencia de origen |
DO-SdBNP |
| Lengua de catalogación |
spa |
| Centro/agencia transcriptor |
BNPHU |
| 082 #4 - NÚMERO DE LA CLASIFICACIÓN DECIMAL DEWEY |
| Número de edición |
22 |
| Número de documento/Ítem |
I59a |
| 110 2# - ENTRADA PRINCIPAL--NOMBRE DE ENTIDAD CORPORATIVA |
| 9 (RLIN) |
63429 |
| Nombre de entidad corporativa o nombre de jurisdicción como elemento de entrada |
Instituto Panamericano de Geografía e Historia (República Dominicana) |
| 245 10 - MENCIÓN DE TÍTULO |
| Título |
Atlas histórico de America: |
| Medio |
nuevas miradas en la huella del americano. / |
| Mención de responsabilidad, etc. |
Presentación, Fifliberto Cruz Sánchez. |
| 260 ## - PUBLICACIÓN, DISTRIBUCIÓN, ETC. |
| Lugar de publicación, distribución, etc. |
[Santo Domingo] : |
| Nombre del editor, distribuidor, etc. |
Vicerectoría de Extensión de la Universidad Autónoma de Santo Domingo, |
| Fecha de publicación, distribución, etc. |
2021 |
| 300 ## - DESCRIPCIÓN FÍSICA |
| Extensión |
130 p. : |
| Otras características físicas |
il,. mapas, |
| Dimensiones |
43 cm. |
| 500 ## - NOTA GENERAL |
| Nota general |
La Biblioteca posee el volumen 2. |
| 500 ## - NOTA GENERAL |
| Nota general |
Incluye bibliografía y referencias. |
| 504 ## - NOTA DE BIBLIOGRAFÍA, ETC. |
| Nota de bibliografía, etc. |
Bibliografía: p. 28, 37, 56, 68, 89 |
| 505 ## - NOTA DE CONTENIDO CON FORMATO |
| Nota de contenido con formato |
v. 2 |
| Información miscelánea |
Época Colonial: |
| Título |
Presentación. |
| -- |
1. Dinámica Poblacional.-- |
| -- |
2. Procesos Culturales.-- |
| -- |
3. El Espacio Americano.-- |
| -- |
Dinámicas Económicas.-- |
| -- |
Salvación de las Almas. |
| 590 ## - NOTA LOCAL (RLIN) |
| Nota local |
Inventariado 2022 / MF |
| 650 #4 - PUNTO DE ACCESO ADICIONAL DE MATERIA--TÉRMINO DE MATERIA |
| 9 (RLIN) |
43593 |
| Término de materia o nombre geográfico como elemento de entrada |
América |
| Subdivisión de forma |
Historia |
| 650 #4 - PUNTO DE ACCESO ADICIONAL DE MATERIA--TÉRMINO DE MATERIA |
| 9 (RLIN) |
41261 |
| Término de materia o nombre geográfico como elemento de entrada |
Colonización |
| Subdivisión general |
Historia |
| 700 2# - PUNTO DE ACCESO ADICIONAL--NOMBRE DE PERSONA |
| Nombre de persona |
Cruz Sánchez., Fifliberto |
| Término indicativo de función/relación |
present. |
| 9 (RLIN) |
82805 |
| 710 2# - PUNTO DE ACCESO ADICIONAL--NOMBRE DE ENTIDAD CORPORATIVA |
| 9 (RLIN) |
55588 |
| Nombre de entidad corporativa o nombre de jurisdicción como elemento de entrada |
Universidad Autónoma de Santo Domingo, |
| Unidad subordinada |
Vicerectoría de Extensión |
| 910 ## - DATOS DE OPCIÓN DEL USUARIO (OCLC) |
| Datos de opción del usuario |
MFeliz |
| 942 ## - ELEMENTOS DE PUNTO DE ACCESO ADICIONAL (KOHA) |
| Fuente del sistema de clasificación o colocación |
Dewey Decimal Classification |
| Tipo de ítem Koha |
Libro |